La celda de cristal
Guardado en:
| Autor principal: | |
|---|---|
| Formato: | Libro |
| Lenguaje: | español |
| Publicado: |
Madrid
Alianza
1982
|
| Colección: | El Libro de Bolsillo. Literatura
|
| Materias: | |
| Etiquetas: |
Agregar Etiqueta
Sin Etiquetas, Sea el primero en etiquetar este registro!
|
MARC
| LEADER | 00000nam a2200000 a 4500 | ||
|---|---|---|---|
| 001 | UCO5017 | ||
| 003 | CL-VaPUC | ||
| 008 | 000825e19820000SP |||||||||||||||||spa|d | ||
| 082 | 0 | 4 | |a 813 |b HIG |2 21 |
| 100 | |a Highsmith, Patricia |e author |9 585213 | ||
| 245 | 1 | 3 | |a La celda de cristal |
| 300 | |a 304 p | ||
| 942 | |c BK | ||
| 945 | |d 20000825 00:00:00 |a crobeson | ||
| 260 | |a Madrid |b Alianza |c 1982 | ||
| 650 | 0 | |a Novelas estadounidenses |9 265217 | |
| 650 | 0 | |a Literatura estadounidense |9 317168 | |
| 583 | |a last modification |c 20000825 00:00:00 |k Rodrigo Vera | ||
| 490 | 0 | |a El Libro de Bolsillo. Literatura | |
| 999 | |c 290974 |d 290972 | ||
| 952 | |0 0 |1 0 |4 0 |6 813_000000000000000_HIG_1982 |7 0 |8 A |9 340606 |a BIBART |b BIBART |d 2019-11-20 |i 1218026 |o 813 HIG 1982 |p 1218026 |r 2025-03-13 |w 2019-11-20 |y BK |k ART | ||